| 000 | 01373nam a2200349Ia 4500 | ||
|---|---|---|---|
| 001 | ebr10538667 | ||
| 003 | CaPaEBR | ||
| 006 | m u | ||
| 007 | cr cn||||||||| | ||
| 008 | 111207s2011 enka s 001 0 eng d | ||
| 010 | _z 2011410471 | ||
| 020 | _z0857081780 | ||
| 020 | _z9780857081780 | ||
| 020 | _z9780857082299 | ||
| 040 |
_aCaPaEBR _cCaPaEBR |
||
| 035 | _a(OCoLC)788498575 | ||
| 050 | 1 | 4 |
_aHD57.7 _b.A33 2011eb |
| 100 | 1 |
_aAdair, John Eric, _d1934- |
|
| 245 | 1 | 0 |
_aJohn Adair's 100 greatest ideas for being a brilliant manager _h[electronic resource] / _c[John Adair]. |
| 246 | 3 | _aJohn Adair's hundred greatest ideas for being a brilliant manager | |
| 246 | 3 | 0 | _a100 greatest ideas for being a brilliant manager |
| 246 | 3 | _aHundred greatest ideas for being a brilliant manager | |
| 260 |
_aChichester, West Sussex, UK : _bCapstone, _c2011. |
||
| 300 |
_axiii, 267 p. : _bill. |
||
| 500 | _aIncludes index. | ||
| 533 |
_aElectronic reproduction. _bPalo Alto, Calif. : _cebrary, _d2011. _nAvailable via World Wide Web. _nAccess may be limited to ebrary affiliated libraries. |
||
| 650 | 0 | _aExecutive ability. | |
| 650 | 0 | _aLeadership. | |
| 655 | 7 |
_aElectronic books. _2local |
|
| 710 | 2 | _aebrary, Inc. | |
| 856 | 4 | 0 |
_uhttp://site.ebrary.com/lib/rucke/Doc?id=10538667 _zAn electronic book accessible through the World Wide Web; click to view |
| 999 |
_c133900 _d133900 |
||